000 00201nam a22000977a 4500
003 OSt
008 140419b xxu||||| |||| 00| 0 eng d
041 _aeng
245 1 0 _aA Study of Thai Mail
300 _a0 pages
999 _c521
_d521